| 000 | 01121cam a2200301 4500 | ||
|---|---|---|---|
| 008 | 090401t1998 xxu||||| |||| 00| 0 eng d | ||
| 020 | _a0854068635 | ||
| 035 | _a(Sirsi) u83211 | ||
| 041 | _aeng | ||
| 050 |
_a380.1 _c18 |
||
| 110 |
_aRoyal Institution of Chartered Surveyors _94900 |
||
| 245 | _aGuidance notes for auctioneers proposing to sell real estate at auction in England and Wales | ||
| 250 | _a2nd ed. | ||
| 260 |
_aLondon _bRICS _c1998 |
||
| 300 |
_a15p. _c30cm. |
||
| 350 | _a7 | ||
| 490 | _aRICS Guidance Note | ||
| 520 | _aAdopted by the National Association of Estate Agents (NAEA). | ||
| 520 | _aSuperseded by third edition (J115112). Supersedes first edtion (ISBN 0854066349) and "Draft guidance notes for auctioneers proposing to sell real estate at public auction in England and Wales" (M86469) | ||
| 650 | _aAUCTIONEERS | ||
| 650 |
_aAuctioneering _96218 |
||
| 650 | _aNATIONAL ASSOCIATION OF ESTATE AGENTS | ||
| 650 | _aSALE OF PROPERTY | ||
| 690 |
_aAuctioneering _96218 |
||
| 710 |
_aIncorporated Society of Valuers and Auctioneers _91201 |
||
| 942 | _n0 | ||
| 948 | _c21/01/1998 | ||
| 999 |
_c96874 _d96874 |
||